Imiona hiszpańskich piłkarzy z gry FIFA 20 - Statystyki

Ogólne statystyki
  • Ten quiz został rozwiązany 601 razy
  • Średni wynik to 18 z 24
Statystyki odpowiedzi
Nazwisko Imię % Poprawnych
Alba Jordi
100%
Ramos Sergio
100%
Silva David
97%
De Gea David
96%
Piqué Gerard
96%
Busquets Sergio
96%
Asensio Marco
95%
Guardiola Pep
95%
Morata Alvaro
93%
Roberto Sergi
93%
Villa David
91%
Costa Diego
89%
Alcântara Thiago
89%
Puyol Carles
87%
Casillas Iker
86%
Asenjo Sergio
86%
Reina Pepe
85%
Carvajal Dani
84%
Mata Juan
84%
Vázquez Lucas
82%
Iniesta Andres
80%
Fàbregas Cesc
80%
Bartra Marc
80%
Cazorla Santi
79%
Azpilicueta César
78%
Bernat Juan
76%
Deulofeu Gerard
74%
Albiol Raul
72%
Badia Gerard
71%
Muniain Iker
67%
Parejo Dani
64%
Traoré Adama
63%
Alcácer Paco
63%
Navas Jesus
62%
Alonso Marcos
59%
Sarabia Pablo
59%
Williams Iñaki
56%
Callejón Jose
54%
Butragueño Emilio
53%
Hierro Fernando
50%
Fernández Nacho
49%
Ñíguez Saul
46%
Tello Cristian
44%
Soldado Roberto
44%
Astiz Iñaki
41%
Alberto Luis
33%
Aduriz Aritz
28%
Angulo Igor
26%
Gómez Moi
6%
Moreno Rodrigo
2%
Nie znaleziono quizów pasujących do podanych kryteriów
Rozkład punktacji
Procent ludzi z każdym wynikiem
Percentyl według liczby udzielonych odpowiedzi
Twoja historia wyników
Nie rozwiązałeś tego quizu